Najslávnostnejší-

Podrobná bibliografia
Hlavný autor: Abtová, Ivana (Autor)
Médium: Článok
Jazyk:slovenčina
Predmet:

MARC

LEADER 00000nab a2200000 ar4500
001 vtls010212423
003 SK-MaSNL
005 20260303231055.0
008 110218c2011 xo mr|p|||||||000 b|slo
038 |a PPPK 
040 |a PPPKCL  |b slo  |c PPPKCL  |e AACR2 
041 0 |a slo 
044 |a xo  |c SK 
080 |a 373/378:7  |2 2001 
080 |a 78.082.4  |2 2001 
100 1 |a Abtová, Ivana  |4 aut  |9 598958 
245 1 0 |a Najslávnostnejší-  |c Abtová Ivana 
610 2 7 |a Základná umelecká škola Antona Cígera (Kežmarok, Slovensko)  |2 pppkcl  |9 546120 
648 7 |a 6.1.2011  |2 pppkcl  |9 1265726 
650 0 7 |a umelecké školy  |2 pppkcl  |9 29319 
650 0 7 |a koncerty  |2 pppkcl  |9 19182 
651 7 |a Kežmarok (Slovensko)  |2 pppkcl  |9 26808 
773 0 |t Kežmarok  |g Roč. XIX, č. 1 (2011), s. 6 
852 |a PPPK  |b KIS3GCP 
999 |c 2265059  |d 2266989